000 00489nam a22001817a 4500
999 _c526208
_d526208
003 NUST
020 _a-
038 _aZafar Malik
082 _a297.34
_bJAD
100 _aJad, Ahmed
_917181
245 _aKhawateen Kay Leye Anmool Nasihatain \
_cAhmed, Jad
260 _aLahore :
_bDar-ul-Uns ;
_c2012.
300 _a168 p. ;
500 _aPaperback
880 _6100-02\r
_aاحمد جاد
880 _6245-02\r
_aخواتین کے لیے انمول نصیحتیں
942 _2ddc
_cBK